Autour de Bienvenue chez les Chtis - Statistiques

Statistiques générales
  • Ce quiz a été pris 64 fois
    38 depuis la dernière actualisation
  • Le résultat moyen est 35 sur 82
Statistiques - réponses
Hint Answes % Correct
De quel pays est ce remake ? Benvenuti al Sud Italie
88%
De quel pays est ce remake ? Benvenuti al Nord Italie
88%
Pays de sortie I Italie
88%
Pays de sortie A Allemagne
85%
Acteur DB Dany Boon
85%
Vu sur l'affiche DB Dany Boon
85%
Pays de sortie B Belgique
82%
De quel pays est ce remake ? Ocho apellidos vascos Espagne
82%
Pays de sortie E Espagne
82%
Pays de sortie F France
82%
Acteur KM Kad Merad
79%
Vu sur l'affiche KM Kad Merad
79%
Langue Willkommen bei den Sch’tis Allemand
76%
Langue Welcome to the Land of the Ch'tis Anglais
76%
Langue Welcome to the Sticks Anglais
76%
Langue Bienvenidos al norte Espagnol
74%
Langue Bienvenidos al País de la Locura Espagnol
74%
Langue Giù al nord Italien
68%
Lieux de tournage B Bergues
65%
Pays de sortie H Hongrie
65%
Lieux de tournage L Lille
65%
Pays de sortie P Portugal
65%
Pays de sortie R Royaume-Uni
65%
Pays de sortie C Canada
62%
Pays de sortie I Irlande
62%
Pays de sortie P Pologne
62%
Langue Bem-vindo ao Norte Portugais
62%
Langue A Riviera Não é Aqui Portugais
62%
Langue Bem-vindo ao Norte Portugais
62%
Pays de sortie S Suisse
62%
Chiffres Millions d'entrées 20
59%
Pays de sortie D Danemark
59%
Acteur LR Line Renaud
56%
Pays de sortie A Autriche
53%
Pays de sortie L Luxembourg
53%
Pays de sortie R Russie
53%
Chiffres Sortie en 2008
50%
Chiffres Nombre de remakes 3
50%
Pays de sortie N Norvège
50%
Pays de sortie P Pays-Bas
50%
Langue Jeszcze dalej niż Północ. Polonais
50%
Chiffres Nombre de récompenses reçues 11
35%
Acteur AM Anne Marivin
35%
Pays de sortie A Argentine
35%
Chiffres Nombre de pays de sortie 29
32%
Pays de sortie B Brésil
32%
Pays de sortie C Chili
32%
Pays de sortie C Croatie
32%
Langue Isten hozott az Isten háta mögött Hongrois
32%
Vu sur l'affiche V Vélo
32%
Acteur ZF Zoé Félix
32%
Lieux de tournage L Lens
29%
Pays de sortie M Maroc
29%
Acteur MG Michel Galabru
29%
Langue Velkommen til Ch'tis Danois
26%
Acteur GL Guy Lecluyse
26%
Acteur JC Jérôme Commandeur
24%
Acteur PB Patrick Bosso
21%
Vu sur l'affiche C Casquette
18%
Langue Velkommen til Shti'ene Norvégien
18%
Acteur PD Philippe Duquesne
18%
Acteur SF Stéphane Freiss
18%
Acteur ZS Zinédine Soualem
18%
Vu sur l'affiche B Beffroi
15%
Langue Benvinguts al nord Catalan
12%
Acteur CR Christophe Rossignon
12%
Acteur FP Fred Personne
12%
Pays de sortie N Nouvelle-Zélande
9%
Lieux de tournage S Salon-de-Provence
9%
Acteur YB Yaël Boon
9%
Acteur AC Alexandre Carrière
6%
Lieux de tournage B Bruay-la-Buissière
6%
Acteur CT Claude Talpaert
6%
Acteur FA Frank Andrieux
6%
Acteur JC Jenny Clève
6%
Acteur LA Lorenzo Ausilia-Foret
6%
Chiffres Rang dans les films réalisés par D. Boon 2e
3%
Pays de sortie A Afrique-du-Sud
3%
Pays de sortie L Liban
3%
Lieux de tournage M Malo-les-Bains
3%
Vu sur l'affiche M Montre
3%
Pays de sortie S Singapour
3%
Aucun quiz correspondant
Distribution des résultats
% des personnes avec chaque résultat
Percentile par nombre de réponses
Votre historique - résultats
Vous n’avez pas pris ce quiz depuis la dernière actualisation